01430nam a2200277 a 450000100100000000500170001000800410002704000250006808200160009311101020010924501390021126000390035030000290038950000420041850400310046059000270049165000880051865000740060665000630068071000460074371000760078991000370086595201140090295201190101699900170113500001416520200929163512.0091207s1991 dr b 000 0 spa d aDO-SdBNPbspacBNPHU a333.7bU58i2 aUnited Nations Conference on Environment and Developmentd(1992 :cRio de Janeiro, Brazil)93200910aInforme nacional :bConferencia mundial de las Naciones Unidas sobre medio ambiente y desarrollo Brasil´92 /cRepública Dominicana. aSanto Domingo :bFUNDAPEC ,c1991. a185 p. :bmap. ;c29 cm. aIncluye notas al pie de las páginas aBibliografía: p. 167-177 aInventariado, 2018/MFF 4aDesarrollo sosteniblezRepública DominicanavCONGRESOS, CONFERENCIAS, ETC.932010 4aProtección del medio ambientevCONGRESOS, CONFERENCIAS, ETC.932011 4aPolítica ambientalvCONGRESOS, CONFERENCIAS, ETC.9320122 aNaciones Unidas.bAsamblea General9320132 aFundación Apec de Crédito Educativo (República Dominicana)932014 aValidado. Control de calidad MFF 0010718PDaPDbPDcHDd2009-12-07iLF1l0o333.7 U58ip14165-10r2020-06-25w2020-06-25yLFPDZNo se presta 0010718PDaPDbPDcHDd2009-12-07iLF1l0o333.7 U58ip14165-20r2020-06-25te.2w2020-06-25yLFPDZNo se presta c13766d13766